| 000 | 01162cam a2200277 a 4500 | ||
|---|---|---|---|
| 005 | 20250702123947.0 | ||
| 006 | a|||||r||||||||||| | ||
| 008 | 140424s2009||||gr |||g b||| 001 gre # | ||
| 015 |
_aurn:nbn:gr:nlg:01-B200906502 _2gnb |
||
| 015 |
_aGR9756/09 _2eev |
||
| 020 |
_a9789600349993 _q(χαρτόδ.) |
||
| 040 |
_aGRAtEVE _bgre _cGRAtEVE _dGR-AtMCL _eAACR2 |
||
| 041 | 1 |
_agre _heng |
|
| 100 | 1 |
_aWinnicott, D. W. _d1896-1971 _c(Donald Woods) _4070 _9416 |
|
| 240 | 1 | 0 |
_aPlaying and reality . _lΕλληνικά |
| 245 | 1 | 0 |
_aΤο παιδί, το παιχνίδι και η πραγματικότητα / _cΝτόναλντ Βίννικοτ ; μετάφραση Γιάννης Κωστόπουλος |
| 260 |
_aἈθήνα : _bἘκδόσεις Καστανιώτη, _c[2009] |
||
| 300 |
_a253 σ. ; _c21 εκ. |
||
| 490 | 1 | _aΨυχανάλυση | |
| 504 | _aΠεριέχει βιβλιογραφικές παραπομπές και ευρετήριο | ||
| 650 | 0 | 0 |
_aΠαιχνίδι _99847 |
| 650 | 0 | 0 |
_aΔραματοθεραπεία _99848 |
| 830 |
_aΨυχανάλυση (Καστανιώτης) _99846 |
||
| 942 |
_cBK _n0 |
||
| 999 |
_c9800 _d9800 |
||